[Event "Brussels"]
[Site "Brussels"]
[Date "1987.04.20"]
[Round "8"]
[White "Larsen, Bent"]
[Black "Kasparov, Garry"]
[Result "0-1"]
[WhiteElo "2565"]
[BlackElo "2735"]
[Annotator "Kasparov,G"]
[PlyCount "86"]
[EventDate "1987.04.10"]
[EventType "tourn"]
[EventRounds "11"]
[EventCountry "BEL"]
[EventCategory "14"]
[SourceTitle "CBM 002"]
[Source "ChessBase"]
[SourceDate "1988.02.01"]
[SourceVersion "1"]
[SourceVersionDate "1988.02.01"]
[SourceQuality "1"]

1. Nf3 Nf6 2. c4 c5 3. Nc3 e6 4. g3 d5 5. cxd5 exd5 6. d4 Nc6 7. Bg2 Be7 8. O-O
O-O 9. Be3 c4 (9... Ng4 10. Bf4 Be6) 10. Ne5 h6 $1 11. Qa4 (11. Qc2 Bd6 12. f4
Ne7 13. f5 Nc6 $1 14. Nxc6 bxc6) (11. b3 cxb3 12. Nxc6 bxc6 13. axb3 a5 $1 14.
Qc2 Ba6 15. Na4 Bb5) (11. h3 Be6 12. Nxc4 dxc4 13. d5 Nxd5 14. Nxd5 Bf6 $1)
11... a6 $1 $11 12. Nxc6 bxc6 13. b3 (13. Qxc6 Bd7 14. Qb7 Rb8 15. Qxa6 Ra8 16.
Qb7 Rb8) 13... Rb8 $1 14. bxc4 (14. Qxc6 Bd7 15. Qxa6 Ra8 16. Qb7 Rb8) 14...
Rb4 15. Qd1 (15. Qxc6 $4 Bb7 $19) 15... Rxc4 16. Na4 (16. Qd3 a5 $1 {[%cal
Yc8a6]} 17. Nd1 Qb6 $1 18. Rb1 Rb4) 16... Bf5 $1 (16... Qa5 17. Nb2 $1 {
[%csl Ra5,Rb4,Rc3][%cal Ye3d2]}) 17. Nb2 (17. Rc1 $143 Rxc1 18. Qxc1 (18. Bxc1
Qa5 19. Bd2 Qb5 20. Nc3 Qc4 $36) 18... Qa5 $1 $15) 17... Rc3 18. Rc1 $6 (18.
Bd2 $1 Rc2 (18... Ra3 $2 19. Na4 $1 Ne4 20. Bxe4 Bxe4 21. Bc1 $16) 19. Nd3 Bxd3
(19... Rc4 20. Ne5 $1 $18 {[%csl Rc4]}) 20. exd3 Rb2 21. Bc3 Rb5 (21... Rb7 22.
Qa4 $1 $14) 22. a4 Rb7 $11) (18. Nd3 $5 $11) 18... Rxc1 19. Qxc1 Qa5 (19... Qb6
20. Qc3 Qb5 21. Nd3 Ne4 22. Qc2) 20. Qxc6 Qxa2 (20... Rc8 21. Qb7 Rc7 22. Qb8+
Rc8 23. Qb7 $11) 21. Nd3 Be4 $1 (21... Qxe2 $2 22. Nf4 Qc4 23. Nxd5 $1) (21...
Bxd3 22. exd3) 22. Bf3 a5 23. Nc5 Bxf3 24. exf3 Re8 25. Nd7 $6 Rd8 26. Nxf6+ (
26. Ne5 a4 27. Qb7 Re8 28. Rc1 a3 29. Rc8 Rxc8 30. Qxc8+ Bf8 31. Qb7 Qc2 $1 32.
Qxf7+ Kh7 33. Qxf8 a2 34. Nf7 a1=Q+ 35. Kg2 Ng8 $19) 26... Bxf6 27. Qb6 $2 (27.
Rc1 a4 28. Rc5 a3 29. Ra5 $1 Qb1+ 30. Kg2 Be7 $1 (30... a2 $2 31. Qa6 $1) 31.
Ra7) 27... a4 28. Bxh6 (28. Rc1 $142) 28... a3 29. Bc1 (29. Be3 Qb2 $1 30. Qxb2
axb2 31. Rb1 Rb8 32. Kf1 Be7 33. Ke2 Ba3 34. Bd2 Rc8 35. Kd1 f5 $1 36. g4 g6)
29... Rc8 30. h4 (30. Qa5 Be7 $1 $19) 30... Rc3 31. Be3 (31. Bg5 Qb2) (31. Kg2
Qe2) 31... Qc2 $1 $19 32. Qa5 (32. Rc1 Qxc1+ $1 33. Bxc1 Rxc1+ 34. Kg2 a2)
32... a2 33. h5 Be7 34. Qa8+ Bf8 35. h6 Ra3 36. Qxd5 a1=Q 37. hxg7 Bxg7 38.
Qd8+ Bf8 39. Rxa1 Rxa1+ 40. Kg2 Qh7 41. Qg5+ Qg6 42. Qh4 Rd1 43. g4 f6 0-1

[Event "Cologne m"]
[Site "Cologne"]
[Date "1988.??.??"]
[Round "1"]
[White "Hort, Vlastimil"]
[Black "Kasparov, Garry"]
[Result "0-1"]
[WhiteElo "2595"]
[BlackElo "2760"]
[PlyCount "70"]
[EventDate "1988.10.??"]
[EventType "match"]
[EventRounds "3"]
[EventCountry "GER"]
[SourceTitle "EXT 1997"]
[Source "ChessBase"]
[SourceDate "1996.11.15"]
[SourceVersion "1"]
[SourceVersionDate "1996.11.15"]
[SourceQuality "1"]

1. d4 Nf6 2. Nf3 g6 3. Nc3 d5 4. Bf4 Bg7 5. e3 O-O 6. Be2 Bg4 7. h3 Bxf3 8.
Bxf3 c6 9. O-O Nbd7 10. Qd2 Re8 11. Rfd1 Qb6 12. a4 a5 13. Ne2 e5 14. dxe5 Nxe5
15. Bxe5 Rxe5 16. Nd4 Ne4 17. Bxe4 Rxe4 18. c3 Rae8 19. Rab1 h5 20. b4 Qc7 21.
Nf3 Qe7 22. Qd3 g5 23. Nd2 Re6 24. Nf1 g4 25. hxg4 hxg4 26. g3 Qg5 27. Kg2 Qh5
28. f4 gxf3+ 29. Kf2 Qh1 30. Rd2 Qg2+ 31. Ke1 Rxe3+ 32. Qxe3 Rxe3+ 33. Nxe3
Qg1+ 34. Nf1 Bxc3 35. Rbb2 Qg2 0-1

[Event "World Cup"]
[Site "Barcelona"]
[Date "1989.03.??"]
[Round "5"]
[White "Kortschnoj, Viktor Lvovich"]
[Black "Kasparov, Garry"]
[Result "0-1"]
[WhiteElo "2610"]
[BlackElo "2775"]
[Annotator "Bulletin"]
[PlyCount "118"]
[EventDate "1989.03.??"]
[EventType "tourn"]
[EventRounds "17"]
[EventCountry "ESP"]
[EventCategory "15"]
[SourceTitle "CBM 012"]
[Source "ChessBase"]
[SourceDate "1989.10.01"]
[SourceVersion "1"]
[SourceVersionDate "1989.10.01"]
[SourceQuality "1"]

1. Nf3 Nf6 2. c4 g6 3. Nc3 Bg7 4. e4 d6 5. d4 O-O 6. Be2 Nc6 7. O-O e5 8. d5
Ne7 9. a4 {'?!' Bulletin. Bulletin: 'N; sieht wie ein Stümperzug aus, aber
Kortschnoj verbindet mit ihm interessante Ideen.'} a5 10. Ne1 Nd7 11. Be3 f5
12. f3 Nc5 13. Nd3 b6 14. b4 Nxd3 {'!?' Bulletin.} (14... axb4 $6 15. Nxb4 Bd7
{>= 15...Ra5} 16. a5 bxa5 17. Bxc5 dxc5 18. Nd3 $16) 15. Qxd3 axb4 16. Nb5 Kh8
{'!' Bulletin. Bulletin: '/\ Ne7-g8-f6'} 17. Qb3 Ng8 18. Qxb4 Nf6 (18... Bh6 $5
19. Bxh6 Nxh6 20. Qd2 Ng8 21. a5 bxa5 22. Rxa5 Bd7 {=/=/+}) 19. exf5 gxf5 20.
Bg5 (20. a5 $2 bxa5 21. Rxa5 c5 $1 $19) 20... h6 21. Bh4 Bd7 22. Ra3 Qb8 {
'!?' Bulletin.} 23. Bf2 Rg8 24. Rb1 {Bulletin: '/\ Nxc7'} Nh5 25. Kh1 (25. a5
$5 Bxb5 26. Qxb5 bxa5 27. Rxa5 Nf4 28. Bf1 e4 29. Qxb8 Rgxb8 30. Rxb8+ Rxb8 31.
fxe4 fxe4 32. Be3 Nd3 33. Bxd3 exd3 34. Ra3 Rb4 35. Rxd3 Rxc4 $10) 25... Qd8
26. a5 Bxb5 27. Qxb5 bxa5 28. g3 (28. Rxa5 $2 Rb8 29. Qxb8 Qxb8 30. Rxb8 Rxb8
31. Rb5 Ra8 $15) 28... f4 {'!' Bulletin.} 29. g4 e4 {'!' Bulletin.} 30. fxe4 {
'?' Bulletin.} (30. gxh5 $1 e3 31. Bg1 Qg5 32. Bd3 Qxh5 33. Rf1 $13) 30... Nf6
31. Bh4 Qe7 32. Bf3 Qe5 33. Re1 Nh7 34. Qd7 Bf6 35. Bxf6+ Nxf6 36. Qf5 Qxf5 37.
exf5 Nxg4 38. Bxg4 Rxg4 39. Rh3 Kg7 40. Re7+ Kf6 41. Re6+ Kxf5 42. Rhxh6 Rf8
43. Rh5+ Rg5 44. Rxg5+ Kxg5 45. c5 a4 46. cxd6 cxd6 47. Rxd6 Ra8 48. Re6 a3 49.
Re1 Kf5 50. h4 f3 51. d6 a2 52. Ra1 Kf4 {Bulletin: '/\ Kf4-g3, Ra8-b8-b1#'} 53.
Kh2 f2 {'!' Bulletin.} 54. d7 Kf3 55. Rc1 a1=Q 56. Rxa1 Rxa1 57. d8=Q Rh1+ 58.
Kxh1 f1=Q+ 59. Kh2 Qg2# 0-1

[Event "World Cup"]
[Site "Barcelona"]
[Date "1989.03.??"]
[Round "8"]
[White "Kasparov, Garry"]
[Black "Short, Nigel D"]
[Result "1-0"]
[WhiteElo "2775"]
[BlackElo "2650"]
[Annotator "Bulletin"]
[PlyCount "101"]
[EventDate "1989.03.??"]
[EventType "tourn"]
[EventRounds "17"]
[EventCountry "ESP"]
[EventCategory "15"]
[SourceTitle "CBM 012"]
[Source "ChessBase"]
[SourceDate "1989.10.01"]
[SourceVersion "1"]
[SourceVersionDate "1989.10.01"]
[SourceQuality "1"]

1. c4 e5 2. g3 d6 3. Bg2 g6 4. d4 exd4 5. Qxd4 Nf6 6. Nc3 {'!' Bulletin.} Bg7 (
6... Nbd7 7. Nf3 Bg7 8. Qe3+ Qe7 9. Nb5 $5 Qxe3 10. Bxe3 Kd8 $8 11. h3 (11.
Bxa7 $5 c6 12. Nxd6 Rxa7 13. Nxf7+ Ke7 14. Nxh8 Bxh8 $13) 11... a6 12. Nc3 Re8
$10 {Christiansen,L-Ree Wijk 1982}) 7. Qe3+ Qe7 (7... Kf8 $6 8. Nf3 $16) 8.
Qxe7+ (8. Nb5 $6 Na6 9. Nxa7 Be6 $1 10. Bxb7 Ng4 $1 11. Nc6 Nxe3 12. Nxe7 Nc2+
13. Kd1 Nxa1 14. Bxa8 Kxe7 $19 {Kasparov,G}) 8... Kxe7 9. b3 {'!' Bulletin.} (
9. Nh3 Bxh3 $1 10. Bxh3 Na6 11. Bg2 c6 12. Rb1 Rhe8 13. O-O Nd7 14. Bg5+ f6 15.
Bf4 Ne5 $10 {Kortchnoi,V-Smyslov,V Beer-Sheva 1990}) 9... a5 (9... Ne4 $2 10.
Nd5+ Kd8 11. Rb1 Bf5 12. g4 Nc3 13. gxf5 Nxb1 14. f6 Bf8 15. Bb2 $18) (9... c6
10. Ba3 Ne4 11. Nxe4 Bxa1 12. Bxd6+ Ke8 13. Ba3 $1 Be6 14. Nf3 Na6 15. O-O Bg7
16. Rd1 c5 17. Nfg5 $16 {Kasparov,G}) 10. Bb2 c6 11. Na4 {'!' Bulletin.} Be6
12. Nf3 Nbd7 13. Nd4 Rhc8 14. O-O {'+/-' Bulletin.} Rab8 15. Rac1 Ne8 16. Rfd1
c5 {'?!' Bulletin.} (16... b5 17. cxb5 cxb5 18. Nc3 Bxd4 19. Rxd4 b4 20. Nd5+
$16) (16... Nc5 17. Nxc5 dxc5 18. Ba3 $1 Bxd4 19. Rxd4 $16 {Kasparov,G}) (16...
Kf8 $5) 17. Nb5 Bxb2 18. Nxb2 Nb6 19. Nc3 Na8 20. Nba4 {'!' Bulletin.} Nec7 21.
Rd2 (21. Rd3 $1 $18) 21... Bd7 22. Ne4 {'!' Bulletin.} Ne8 (22... Bxa4 23. bxa4
Rd8 24. Rb1 $1 $18) 23. Nac3 Bc6 (23... b5 24. cxb5 Bxb5 25. Nxb5 Rxb5 26. Nc3
Rbb8 27. Bxa8 Rxa8 28. Nd5+ Kd8 29. Nb6 $18) 24. Rcd1 Rd8 25. g4 (25. a4 $1)
25... Nac7 (25... a4 $5 26. Nxa4 Bxa4 27. bxa4 Nb6 28. Rc2 Nxa4 29. Rb1 $1 $14)
26. a4 {'!' Bulletin.} Ne6 27. e3 h6 28. f4 Rd7 29. h4 Rbd8 30. Ng3 {'!'
Bulletin.} N6g7 (30... Nf6 31. f5 $1 $16) 31. Nd5+ Kf8 32. Kf2 Ne6 33. g5 hxg5
34. hxg5 N6c7 35. Bh3 f5 36. gxf6 Rh7 37. Nxc7 Nxc7 38. Bg2 Ne8 (38... Rh2 39.
Kg1 Rxg2+ 40. Rxg2 Bxg2 41. Kxg2 Ne8 42. Ne4 $18) 39. Bxc6 bxc6 40. Kg2 Rb8 41.
Rd3 d5 (41... Rhb7 42. Ne4 Rxb3 43. Rxb3 Rxb3 44. Kf3 Rb4 45. Rh1 $16) 42. cxd5
cxd5 43. Rxd5 Rxb3 44. Ne4 {'!' Bulletin.} Rxe3 45. Re5 {'!' Bulletin.} Rh5 {
'!' Bulletin.} 46. Re6 {'!' Bulletin.} Re2+ 47. Kf3 Rhh2 48. f7 {'!' Bulletin.}
Rhf2+ 49. Nxf2 Rxe6 50. fxe8=Q+ Kxe8 51. Rc1 1-0

[Event "World Cup"]
[Site "Barcelona"]
[Date "1989.03.??"]
[Round "10"]
[White "Kasparov, Garry"]
[Black "Speelman, Jonathan S"]
[Result "1-0"]
[WhiteElo "2775"]
[BlackElo "2640"]
[Annotator "Bulletin"]
[PlyCount "49"]
[EventDate "1989.03.??"]
[EventType "tourn"]
[EventRounds "17"]
[EventCountry "ESP"]
[EventCategory "15"]
[SourceTitle "CBM 012"]
[Source "ChessBase"]
[SourceDate "1989.10.01"]
[SourceVersion "1"]
[SourceVersionDate "1989.10.01"]
[SourceQuality "1"]

1. d4 d6 2. e4 g6 3. c4 e5 4. Nf3 exd4 5. Nxd4 Bg7 6. Nc3 Nc6 7. Be3 Nge7 {
Bulletin: '-> CBM9/S.25'} 8. h4 {'!?' Bulletin.} h6 {'?!' Bulletin. Bulletin:
'N'} (8... f5 $5 9. h5 fxe4 10. Nxe4 Nf5 11. Bg5 Qd7 12. Nf6+ Bxf6 13. Bxf6 O-O
14. Nxf5 Qxf5 15. Bd4 Qe4+ 16. Be3 Nb4 $13 {Vaganian,R-Mestel,J/Hastings/1974/}
) (8... h5 $6 9. Qd2 O-O 10. O-O-O Re8 11. Be2 Ne5 12. f3 a6 13. Bh6 Bh8 14.
Bg5 c6 15. g4 $16 {Lukacs,P-Dorfman,J/Debrecen/1988/1-0/54/ -> CBM 9}) 9. Be2
f5 10. exf5 Nxf5 11. Nxf5 Bxf5 12. Qd2 Qd7 13. O-O O-O-O 14. b4 {'!' Bulletin.}
Nxb4 15. Nb5 {'!' Bulletin.} Nc2 16. Bf3 d5 17. Bxd5 {'!' Bulletin.} Nxa1 (
17... c6 $2 18. Nxa7+ Kb8 19. Bf4+ $18) 18. Nxa7+ Kb8 19. Qb4 {'!' Bulletin.}
Qxd5 (19... c6 20. Bxc6 Qc7 21. Bf4 $18) 20. cxd5 Nc2 21. Qa5 Nxe3 22. fxe3
Rhe8 23. Nb5 Rxd5 24. Qxc7+ Ka8 25. Qa5+ 1-0

[Event "World Cup"]
[Site "Barcelona"]
[Date "1989.03.??"]
[Round "11"]
[White "Beliavsky, Alexander G"]
[Black "Kasparov, Garry"]
[Result "0-1"]
[WhiteElo "2640"]
[BlackElo "2775"]
[Annotator "Bulletin"]
[PlyCount "122"]
[EventDate "1989.03.??"]
[EventType "tourn"]
[EventRounds "17"]
[EventCountry "ESP"]
[EventCategory "15"]
[SourceTitle "CBM 012"]
[Source "ChessBase"]
[SourceDate "1989.10.01"]
[SourceVersion "1"]
[SourceVersionDate "1989.10.01"]
[SourceQuality "1"]

1. e4 c5 2. Nf3 e6 3. d4 cxd4 4. Nxd4 Nf6 5. Nc3 d6 6. Be2 Be7 7. O-O O-O 8. f4
a6 9. Kh1 Qc7 10. a4 Re8 11. Be3 Nc6 12. Qd2 Bd7 13. Nb3 b6 14. Bf3 Rab8 15. g4
Bc8 16. g5 Nd7 17. Qf2 Bf8 18. h4 {Bulletin: 'N'} (18. Bg2 {/\ Qf2-h4,
Rf1-f3-h3 Karpov,An-Kasparov,G/Wch-Moscow (24)/1985/0-1/42/} Bb7 19. Rad1 g6
20. Bc1 Rbc8 {>= 20...Nc5!} 21. Rd3 Nb4 22. Rh3 Bg7 $6 {>= 22...f5!?} 23. Be3
$2 (23. f5 $1 $16) 23... Re7 $1 24. Kg1 Rce8 25. Rd1 $1 f5 $1 26. gxf6 Nxf6 27.
Rg3 Rf7 28. Bxb6 Qb8 29. Be3 Nh5 30. Rg4 Nf6 31. Rh4 g5 $1 32. fxg5 Ng4 $5 {
32...Nxe4!?} 33. Qd2 Nxe3 34. Qxe3 Nxc2 35. Qb6 $1 Ba8 $1 36. Rxd6 $2 {>= 36.
Qxb8 Rxb8 37.Bh3!} Rb7 37. Qxa6 Rxb3 38. Rxe6 Rxb2 39. Qc4 Kh8 40. e5 $2 {
>= 40.Rxe8 -/+} Qa7+ 41. Kh1 Bxg2+ 42. Kxg2 Nd4+ {0-1 ->Karpov,An-Kasparov,G/
Wch-Moscow/1989/}) 18... Bb7 {'!?' Bulletin. Bulletin: '18...g6!?'} 19. h5 Na5
20. Rad1 (20. Bxb6 Nxb6 21. Nxa5 Ba8 $44) 20... Nc4 21. Bc1 Rbc8 {'?!'
Bulletin.} (21... Ba8 {/\ ...b6-b5-b4}) (21... g6 {/\ ...Bf8-g7}) 22. Bg2 Nc5
23. Nd4 d5 {'?!' Bulletin.} (23... e5 $5 24. Nf5 Ne6 25. fxe5 dxe5 $13) 24. e5
Ne4 25. Nxe4 dxe4 26. b3 {'?' Bulletin.} (26. Qe2 Red8 27. Bxe4 Bxe4+ 28. Qxe4
Rd5 29. Ne2 $14 {/\ Ne2-g3-e4}) 26... Na5 27. Be3 g6 {'!' Bulletin.} 28. Rd2
Red8 29. hxg6 hxg6 30. Qh4 Nc6 {'!' Bulletin.} 31. c3 Ne7 32. c4 Rxd4 {'!'
Bulletin.} 33. Bxd4 Nf5 34. Qh3 Kg7 {'!' Bulletin. Bulletin: '/\ ...Bf8-b4,
Rc8-h8'} 35. Qc3 a5 36. c5 Nxd4 37. Rxd4 Bxc5 38. Rc4 Rh8+ 39. Bh3 e3+ 40. Kh2
Qc6 41. Qc2 Ba6 42. Kg3 Bxc4 43. Qxc4 Qd7 44. Bg4 Qd2 45. Be2 Rd8 {'-+'
Bulletin.} 46. Rc1 Rd4 47. Qc2 Qb4 48. Qc3 Rxf4 49. Qxb4 Rxb4 50. Bc4 Be7 51.
Kf3 Bxg5 52. Ra1 Kf8 53. Ra2 Ke7 54. Rg2 e2 55. Rxe2 b5 56. Bxb5 Rxb3+ 57. Kg4
Be3 58. Rc2 Bd4 59. Kf4 Rh3 60. Rc8 Rh4+ 61. Kg3 Rh8 0-1

[Event "Interpolis"]
[Site "Tilburg"]
[Date "1989.09.17"]
[Round "3"]
[White "Kasparov, Garry"]
[Black "Sax, Gyula"]
[Result "1-0"]
[WhiteElo "2775"]
[BlackElo "2580"]
[Annotator "ChessBase"]
[PlyCount "61"]
[EventDate "1989.09.15"]
[EventType "tourn"]
[EventRounds "14"]
[EventCountry "NED"]
[EventCategory "15"]
[SourceTitle "CBM 015"]
[Source "ChessBase"]
[SourceDate "1990.04.01"]
[SourceVersion "1"]
[SourceVersionDate "1990.04.01"]
[SourceQuality "1"]

1. e4 c5 2. Nf3 e6 3. d4 cxd4 4. Nxd4 Nf6 5. Nc3 d6 6. g4 h6 7. h4 Nc6 8. Rg1
h5 9. gxh5 Nxh5 10. Bg5 Nf6 11. Be2 Bd7 12. h5 a6 13. Qd2 b5 14. a3 $5 {
14.Nc6 Bc6 15.a3!?, 14.0-0-0} Be7 {14... Qb6!?} 15. Be3 $5 (15. O-O-O b4 $1 (
15... Nxh5 $2 16. Bxe7 Qxe7 17. Bxh5 Rxh5 18. Nf5 $1 exf5 19. Nd5 Qd8 20. Rxg7
Kf8 21. Rdg1 Rh8 22. Qh6 $1 $18) 16. axb4 Nxb4 $13) 15... Nxh5 16. O-O-O Nf6 $2
{16... g6} 17. Rxg7 Qb8 18. Nxc6 $1 Bxc6 19. Qd4 $16 e5 20. Qd3 Kf8 $6 (20...
Bf8 21. Rg3 Qb7 22. Nd5 $1 Bxd5 23. exd5 Bh6 24. Qf5 $16) 21. Rdg1 Qc8 (21...
Qb7 22. Bg5 $1) 22. f4 $1 (22. Bg4 $6 Nxg4 23. R7xg4 Qe6 $16) 22... Qh3 23.
R7g3 Qh2 $6 (23... Qh7 24. Bf3 Rd8 25. f5 $1 $18) 24. Bf3 Rg8 25. Rxg8+ Nxg8
26. Ne2 $18 Qh3 27. Ng3 exf4 28. Bxf4 Qh4 29. Qe3 Rc8 30. Nh5 Qh3 31. Bh6+ 1-0

[Event "Interpolis"]
[Site "Tilburg"]
[Date "1989.09.21"]
[Round "6"]
[White "Kasparov, Garry"]
[Black "Hjartarson, Johann"]
[Result "1-0"]
[WhiteElo "2775"]
[BlackElo "2555"]
[Annotator "ChessBase"]
[PlyCount "51"]
[EventDate "1989.09.15"]
[EventType "tourn"]
[EventRounds "14"]
[EventCountry "NED"]
[EventCategory "15"]
[SourceTitle "CBM 015"]
[Source "ChessBase"]
[SourceDate "1990.04.01"]
[SourceVersion "1"]
[SourceVersionDate "1990.04.01"]
[SourceQuality "1"]

1. d4 Nf6 2. Nf3 d5 3. c4 e6 4. Nc3 dxc4 5. e4 Bb4 6. Bg5 c5 7. Bxc4 cxd4 8.
Nxd4 Bxc3+ 9. bxc3 Qa5 10. Bb5+ Bd7 11. Bxf6 gxf6 12. Qb3 a6 13. Be2 $5 (13.
Bxd7+ Nxd7 14. Nxe6 Rc8 $1) 13... Nc6 14. O-O Qc7 15. Rab1 Na5 16. Qa3 Rc8 17.
Rfd1 $1 (17. c4 Nxc4 18. Bxc4 Qxc4 19. Rfd1 Qc3 20. Qxc3 Rxc3 21. Rxb7 Bc8 22.
Ra7 O-O 23. Ne2 $1 $14) 17... Qxc3 $2 (17... Qc5 $5 18. Qc1 $1 Qg5 19. Qb2 $14)
18. Qd6 $1 Qc7 19. Nf5 exf5 (19... Nc6 20. Ng7+ Kd8 21. Qa3 $18) 20. Qxf6 O-O
$2 (20... Rg8 $5 21. exf5 $1 (21. Bh5 $6 Bc6 22. Qxf5 Rg6 $1 $13) 21... Qf4 22.
Bf1 $1 (22. Rd5 Rc6 $1 23. Qe5+ Qxe5 24. Rxe5+ Kf8 25. Rxa5 b5 26. a4 Bxf5 27.
axb5 $14) 22... Qxf5 23. Re1+ Kf8 24. Qd6+ Kg7 25. Bd3 $1 Rc6 26. Qd4+ Qf6 27.
Qxd7 $16) 21. Rd3 f4 22. Rd5 h6 23. Qxh6 f5 24. Rb6 $1 (24. Qg6+ Kh8 25. Rd3
fxe4 26. Rd5 $1 Bf5 27. Rxf5 Rxf5 28. Qxf5 f3 29. gxf3 $16) 24... Bc6 25. Rxa5
Qh7 (25... Qxb6 26. Qg6+ Kh8 27. Ra3 $18) 26. Qxf4 1-0

[Event "Interpolis"]
[Site "Tilburg"]
[Date "1989.09.24"]
[Round "8"]
[White "Piket, Jeroen"]
[Black "Kasparov, Garry"]
[Result "0-1"]
[WhiteElo "2540"]
[BlackElo "2775"]
[Annotator "Schulz,Andre"]
[PlyCount "56"]
[EventDate "1989.09.15"]
[EventType "tourn"]
[EventRounds "14"]
[EventCountry "NED"]
[EventCategory "15"]
[SourceTitle "100 Jahre Schach"]
[Source "ChessBase"]
[SourceDate "2000.04.19"]
[SourceVersion "1"]
[SourceVersionDate "2000.04.19"]
[SourceQuality "1"]

1. d4 Nf6 2. Nf3 g6 3. c4 Bg7 4. Nc3 O-O 5. e4 d6 6. Be2 e5 7. O-O {Der
Klassische Aufbau gegen die Königsindische Verteidigung.} Nc6 {Schwarz
provoziert den folgenden weißen Vorstoß, um das Zentrum zu schließen. Danach
will er am Königsflügel angreifen.} 8. d5 Ne7 9. Ne1 {Weiß will mit f2-f3 eine
Auffangstellung am Königsflügel einnehmen.} ({In späteren Jahren erzielte Weiß
gute Erfolge mit} 9. b4) 9... Nd7 10. Be3 f5 11. f3 f4 12. Bf2 g5 13. b4 ({
Ein aussichtsreiches Bauernopfer ist} 13. Rc1 Ng6 14. c5 $1 Nxc5 15. b4 {
mit starker Initiative am Damenflügel.}) 13... Nf6 14. c5 Ng6 {In Stellungen
wie diesen spielt jeder der beiden Spieler an seinem Flügel und Gewinner wird
sein, wer als erstes ans Ziel kommt.} 15. cxd6 cxd6 16. Rc1 Rf7 17. a4 Bf8 18.
a5 Bd7 $1 19. Nb5 $2 {Ermöglicht g5-g4 ohne den Vorbereitungszug h7-h5. Das
Feld h5 bleibt nun frei für den Sf6.} ({Besser} 19. Kh1 h5 20. Nb5) 19... g4 $1
20. Nc7 g3 $1 {Es geht hier nur darum, am Königsflügel Linien zu öffnen und
nur solches Material ist wichtig, das man zum Königsangriff braucht. Der Turm
auf a8 ist in dieser Hinsicht völlig egal.} (20... Ba4 $2 21. Qxa4 Rxc7 22.
Rxc7 Qxc7 23. Qc2 $1 $16) 21. Nxa8 $2 {Das kann Weiß sich nicht leisten.} ({
Besser war} 21. hxg3 fxg3 22. Bxg3 Nh5 $36) 21... Nh5 22. Kh1 $8 gxf2 23. Rxf2
Ng3+ $1 24. Kg1 (24. hxg3 fxg3 25. Rf1 (25. Kg1 Qh4 26. Bd3 Qh2+ 27. Kf1 Nf4
28. Z0 $140 Qh1#) 25... Qh4+ 26. Kg1 Qh2#) 24... Qxa8 25. Bc4 ({Nach} 25. hxg3
{kommt es sö ähnlich wie in der Partie.} fxg3 26. Rf1 a6 27. f4 (27. Nd3 Qd8
28. Nf2 Qh4 29. Nh3 Bxh3 30. gxh3 Nf4 31. Z0 $140 Nxh3+ 32. Kg2 Nf4+ 33. Kg1
Qh2#) 27... Qa7+ 28. Kh1 Nxf4 29. Nd3 (29. Bh5 Rf6 30. Rc7 Rh6 $19 (30... Nxh5
$19)) 29... Rf6 30. Nxf4 exf4 31. Bh5 Rh6 32. Rc7 Be8 33. Qg4+ Kh8 $19) 25...
a6 $1 26. Qd3 $6 (26. Nd3 Qa7 27. Nc5 dxc5 28. d6 cxb4 29. Qd5 Nh8 30. Qxe5 Bg7
$19) 26... Qa7 27. b5 axb5 28. Bxb5 Nh1 $1 {Zum Schluss der Glanzpartie noch
ein netter Witz!} 0-1

[Event "Interpolis"]
[Site "Tilburg"]
[Date "1989.09.28"]
[Round "11"]
[White "Kasparov, Garry"]
[Black "Kortschnoj, Viktor Lvovich"]
[Result "1-0"]
[WhiteElo "2775"]
[BlackElo "2655"]
[PlyCount "57"]
[EventDate "1989.09.15"]
[EventType "tourn"]
[EventRounds "14"]
[EventCountry "NED"]
[EventCategory "15"]
[SourceTitle "CBM 015"]
[Source "ChessBase"]
[SourceDate "1990.04.01"]
[SourceVersion "1"]
[SourceVersionDate "1990.04.01"]
[SourceQuality "1"]

1. d4 Nf6 2. c4 e6 3. Nc3 Bb4 4. Qc2 d5 5. cxd5 exd5 6. Bg5 h6 7. Bh4 c5 8.
dxc5 O-O 9. e3 Nbd7 10. Bd3 Qa5 11. Nge2 Bxc3+ 12. Qxc3 Qxc3+ 13. Nxc3 Nxc5 14.
Bc2 g5 15. Bg3 Be6 16. f3 a6 17. h4 Rfc8 18. hxg5 hxg5 19. O-O-O Ncd7 20. Kb1
Kg7 21. Bb3 Rc5 22. e4 dxe4 23. Bxe6 fxe6 24. Nxe4 Ra5 25. Rhe1 Nf8 26. Nd6 b6
27. Bf2 Nd5 28. Bd4+ Kg6 29. Nc4 1-0

[Event "Belgrade Investbank"]
[Site "Belgrade"]
[Date "1989.11.??"]
[Round "2"]
[White "Kasparov, Garry"]
[Black "Popovic, Petar"]
[Result "1-0"]
[WhiteElo "2775"]
[BlackElo "2550"]
[Annotator "Ribli,Z"]
[PlyCount "77"]
[EventDate "1989.11.??"]
[EventType "tourn"]
[EventRounds "11"]
[EventCountry "YUG"]
[EventCategory "15"]
[SourceTitle "CBM 016"]
[Source "ChessBase"]
[SourceDate "1990.06.01"]
[SourceVersion "1"]
[SourceVersionDate "1990.06.01"]
[SourceQuality "1"]

1. Nf3 {Zoltan Ribli} Nf6 2. c4 g6 3. Nc3 d5 4. cxd5 Nxd5 5. Qa4+ Bd7 6. Qh4
Nf6 7. e4 $1 Bg4 (7... c5 8. e5 Ng4 9. Bc4 $1 Nh6 10. d4 Nf5 11. Qe4 cxd4 12.
Nxd4 {Leizerovic-Gutman  Lepaja 1971  +/=}) 8. Ne5 $1 (8. d4 $5 Nc6 {8...Bxf3
9.gxf3,Qxd4 10.Nb5 ~/=} 9. Be3 Bxf3 10. gxf3 Bg7 11. O-O-O e6 12. Bb5 $2 {
12.d5!,exd5 13.exd5 +/=} O-O 13. Kb1 Nh5 14. Bg5 {Ritov-Hort  Tallin,1975})
8... Be6 9. f4 Bg7 10. Qf2 $1 O-O 11. d4 {+/=} Nc6 12. Nxc6 bxc6 13. h3 Qb8 14.
Bd3 Rd8 15. Be3 Qb4 16. O-O Rab8 17. Rab1 Ne8 18. e5 $1 f5 19. Rfc1 Bf8 20. b3
Ng7 21. Na4 Bd5 22. Nc5 Qb6 23. b4 e6 24. Na6 Rbc8 25. a4 Qb7 26. Qf1 {+/-} Qa8
27. Bc4 Be4 28. Rb2 Kh8 29. Bd3 Bd5 30. Kh2 Be7 31. Rbc2 Rd7 32. b5 cxb5 33.
Nxc7 Qb7 34. Nxd5 Rxc2 35. Rxc2 Rxd5 36. Bxb5 Rd8 37. Qc1 Qe4 38. Rc3 h6 39.
Bc6 {Zoltan Ribli} 1-0

[Event "Belgrade Investbank"]
[Site "Belgrade"]
[Date "1989.11.??"]
[Round "7"]
[White "Kozul, Zdenko"]
[Black "Kasparov, Garry"]
[Result "0-1"]
[WhiteElo "2560"]
[BlackElo "2775"]
[Annotator "Ftacnik,L"]
[PlyCount "42"]
[EventDate "1989.11.??"]
[EventType "tourn"]
[EventRounds "11"]
[EventCountry "YUG"]
[EventCategory "15"]
[SourceTitle "CBM 016"]
[Source "ChessBase"]
[SourceDate "1990.06.01"]
[SourceVersion "1"]
[SourceVersionDate "1990.06.01"]
[SourceQuality "1"]

1. d4 Nf6 2. c4 e6 3. Nc3 Bb4 4. Qc2 O-O 5. Bg5 h6 6. Bh4 c5 7. dxc5 Na6 8. a3
{N} Bxc3+ 9. Qxc3 Nxc5 10. Bxf6 Qxf6 11. Qxf6 gxf6 12. b4 Na4 13. e3 b6 14. Nf3
Ba6 15. Nd2 Bb7 16. Bd3 Rac8 $10 17. Rc1 d5 18. Ke2 dxc4 19. Nxc4 (19. Rxc4 Nb2
20. Rxc8 Rxc8) 19... Rfd8 20. Rhd1 Ba6 21. Rd2 $4 b5 {Ftacnik} 0-1